[Event "Int. Stuttgarter Stadtmeisterschaft B"]
[Site "Ditzingen"]
[Date "2012.05.17"]
[Round "1.57"]
[White "Blum, Michael"]
[Black "Steinhart, Matthias"]
[Result "1/2-1/2"]
[WhiteElo "1576"]
[BlackElo "1771"]
[PlyCount "56"]
[EventDate "2012.??.??"]
[WhiteTeam "SC Aidlingen"]
[BlackTeam "SF Freiberg"]

1. e4 e5 2. Nf3 Nc6 3. Bb5 a6 4. Ba4 Nf6 5. O-O b5 6. Bb3 Bb7 7. Re1 Bc5 8. c3
d6 9. d4 Bb6 10. d5 Nb8 11. Nbd2 c6 12. dxc6 Bxc6 13. Bc2 Nbd7 14. Nf1 Nc5 15.
Ng3 O-O 16. b4 Ne6 17. Bg5 Nxg5 18. Nxg5 h6 19. Nf3 Bb7 20. Nh4 Rc8 21. Qf3 d5
22. Rad1 d4 23. Nhf5 Rxc3 24. Qe2 Bc8 25. Bd3 Be6 26. Rd2 Bc4 27. Red1 Bxd3 28.
Rxd3 Rxd3 1/2-1/2

[Event "Int. Stuttgarter Stadtmeisterschaft B"]
[Site "Ditzingen"]
[Date "2012.05.17"]
[Round "2.1"]
[White "Bried, Martin"]
[Black "Hamm, Lukas"]
[Result "1/2-1/2"]
[WhiteElo "1756"]
[BlackElo "1890"]
[PlyCount "43"]
[EventDate "2012.??.??"]

1. c4 e5 2. Nc3 Nc6 3. g3 Bc5 4. Bg2 f5 5. e3 Nf6 6. Nge2 d6 7. d4 Bb6 8. O-O
O-O 9. b3 Qe8 10. Ba3 a6 11. dxe5 Nxe5 12. Nf4 Ne4 13. Nxe4 fxe4 14. Bxe4 Kh8
15. Qc2 Ng4 16. Bxh7 Rxf4 17. exf4 Qh5 18. h4 Qxh7 19. Qxh7+ Kxh7 20. Rae1 Bf5
21. Re7 Bd3 22. Bb2 1/2-1/2

[Event "Int. Stuttgarter Stadtmeisterschaft B"]
[Site "Ditzingen"]
[Date "2012.05.17"]
[Round "2.2"]
[White "Hartmann, Lorenz"]
[Black "Hornung, Richard"]
[Result "1-0"]
[WhiteElo "1887"]
[BlackElo "1738"]
[PlyCount "47"]
[EventDate "2012.??.??"]

1. g3 Nc6 2. Bg2 d5 3. d3 e5 4. Nf3 Nf6 5. O-O Be7 6. c4 O-O 7. cxd5 Nxd5 8.
Nc3 Nb6 9. a3 a5 10. Be3 Nd5 11. Nxd5 Qxd5 12. Nd4 Qd7 13. Nxc6 bxc6 14. Qa4
Ra6 15. Rfc1 Bb7 16. Rc4 Rb8 17. Rac1 Bd6 18. d4 Qe8 19. dxe5 Qxe5 20. R1c2 c5
21. Bxb7 Rxb7 22. Re4 Qd5 23. Re8+ Bf8 24. Rd2 1-0

[Event "Int. Stuttgarter Stadtmeisterschaft B"]
[Site "Ditzingen"]
[Date "2012.05.17"]
[Round "2.3"]
[White "Mavropoulos, Georgios"]
[Black "Florio, Antonio"]
[Result "0-1"]
[WhiteElo "1872"]
[BlackElo "1737"]
[PlyCount "93"]
[EventDate "2012.??.??"]

1. e4 c5 2. Nf3 Nc6 3. c4 e5 4. Nc3 g6 5. d3 Bg7 6. a3 Nge7 7. Rb1 a5 8. b3 O-O
9. Be2 f5 10. Bg5 h6 11. Bxe7 Nxe7 12. O-O f4 13. Ne1 Nc6 14. Nc2 d6 15. b4
axb4 16. axb4 cxb4 17. Nxb4 Nd4 18. f3 b5 19. Kh1 Nxe2 20. Qxe2 bxc4 21. dxc4
Be6 22. Nbd5 Bxd5 23. Nxd5 Ra3 24. Rb6 Qa8 25. c5 dxc5 26. Rxg6 Kh7 27. Re6 Ra2
28. Qc4 Ra1 29. Re7 Qa2 30. Qb5 Rxf1+ 31. Qxf1 Rb8 32. Nc3 Qc2 33. Nd1 Rd8 34.
Nf2 Rd2 35. Kg1 c4 36. Rc7 c3 37. h4 Qb2 38. h5 c2 39. Rc8 Qd4 40. Kh2 Qxf2 41.
Qxf2 Rxf2 42. Kh3 Bf6 43. Kg4 Rxg2+ 44. Kf5 Bg7 45. Ke6 Rg5 46. Rxc2 Rxh5 47.
Rc7 0-1

[Event "Int. Stuttgarter Stadtmeisterschaft B"]
[Site "Ditzingen"]
[Date "2012.05.17"]
[Round "2.4"]
[White "Notz, Lukas"]
[Black "Helfrich, Leo"]
[Result "1-0"]
[WhiteElo "1739"]
[BlackElo "1871"]
[PlyCount "107"]
[EventDate "2012.??.??"]

1. d4 c5 2. c3 cxd4 3. cxd4 Nf6 4. Nf3 g6 5. Nc3 Bg7 6. e4 d6 7. Be3 O-O 8. h3
Nbd7 9. Qd2 a6 10. Bh6 b5 11. e5 b4 12. Bxg7 bxc3 13. Qh6 cxb2 14. Rb1 dxe5 15.
Bxf8 Nxf8 16. dxe5 Qa5+ 17. Qd2 Qxd2+ 18. Nxd2 N6d7 19. Rxb2 Nxe5 20. Be2 Bf5
21. O-O Ne6 22. f4 Nd3 23. Bxd3 Bxd3 24. Rf3 Rd8 25. Re3 h5 26. Nf3 Bb5 27. Ng5
Rd1+ 28. Kh2 Nxf4 29. Rxe7 h4 30. Rxf7 Nh5 31. Rc2 Be8 32. Rc8 Re1 33. Nf3 Re3
34. Ra7 Re2 35. Rxa6 Kh7 36. Rc7+ Kh6 37. Raa7 Nf6 38. Nxh4 Rb2 39. Ra6 Nd5 40.
Rc8 Re2 41. Rc5 Ne3 42. Nf5+ Nxf5 43. Rxf5 Bd7 44. Rff6 Bc8 45. Rxg6+ Kh7 46.
Rh6+ Kg7 47. Rag6+ Kf7 48. Rc6 Kg7 49. Rhd6 Re8 50. Rc7+ Kg8 51. Rg6+ Kh8 52.
Rg5 Ba6 53. Rc6 Bd3 54. Rh6+ 1-0

[Event "Int. Stuttgarter Stadtmeisterschaft B"]
[Site "Ditzingen"]
[Date "2012.05.17"]
[Round "2.5"]
[White "Steiert, Roland"]
[Black "Dölker, Kai"]
[Result "0-1"]
[WhiteElo "1736"]
[BlackElo "1865"]
[PlyCount "60"]
[EventDate "2012.??.??"]

1. d4 Nf6 2. c4 e6 3. g3 d5 4. Bg2 c6 5. Nf3 Nbd7 6. O-O Bd6 7. b3 O-O 8. Bb2
Re8 9. Ne5 Bxe5 10. dxe5 Ng4 11. Qd4 Qg5 12. f4 Qe7 13. Qd3 f6 14. h3 Nh6 15.
Ba3 Qd8 16. Bd6 Nf7 17. Ba3 fxe5 18. cxd5 exd5 19. e4 dxe4 20. Bxe4 Nf6 21. Kh2
exf4 22. Rxf4 Rxe4 23. Qf1 Qd4 24. Rxe4 Nxe4 25. Qe1 Bf5 26. Nc3 Nxc3 27. Qg1
Qd2+ 28. Qg2 Rd8 29. g4 Qf4+ 30. Kg1 Rd2 0-1

[Event "Int. Stuttgarter Stadtmeisterschaft B"]
[Site "Ditzingen"]
[Date "2012.05.17"]
[Round "2.6"]
[White "Schömbs, Oliver"]
[Black "Zimmermann, Tobias"]
[Result "1/2-1/2"]
[WhiteElo "1865"]
[BlackElo "1736"]
[PlyCount "88"]
[EventDate "2012.??.??"]

1. e4 c5 2. Nf3 d6 3. d4 cxd4 4. Nxd4 Nf6 5. Nc3 a6 6. Be2 e6 7. Be3 Qc7 8. g4
b5 9. g5 b4 10. gxf6 bxc3 11. fxg7 Bxg7 12. b3 Nc6 13. Rg1 Bxd4 14. Bxd4 Nxd4
15. Qxd4 e5 16. Qe3 Be6 17. Rg3 Qc6 18. f4 exf4 19. Qxc3 Qxe4 20. Rd3 Bg4 21.
O-O-O Bxe2 22. Qxh8+ Ke7 23. Qd4 Qxd4 24. Rxd4 f3 25. Re1 f5 26. Rh4 Kf6 27.
Kd2 Ra7 28. Rxe2 fxe2 29. Kxe2 Ke5 30. Ke3 d5 31. Rh6 a5 32. a4 d4+ 33. Kd3 Rc7
34. Ra6 Rc5 35. Ra7 h5 36. Rh7 Rc3+ 37. Kd2 Rh3 38. Ra7 Rxh2+ 39. Kc1 f4 40.
Rxa5+ Ke4 41. Ra8 f3 42. Re8+ Kd5 43. Kd1 Rh1+ 44. Re1 Rh4 1/2-1/2

[Event "Int. Stuttgarter Stadtmeisterschaft B"]
[Site "Ditzingen"]
[Date "2012.05.17"]
[Round "2.7"]
[White "Kohler, Manuel"]
[Black "Gomer, Thomas"]
[Result "1/2-1/2"]
[WhiteElo "1860"]
[BlackElo "1706"]
[PlyCount "53"]
[EventDate "2012.??.??"]

1. d4 Nf6 2. Nf3 e6 3. c4 d5 4. Nc3 Bb4 5. Bg5 h6 6. Bh4 O-O 7. e3 b6 8. Bd3
Bb7 9. O-O c5 10. cxd5 Bxc3 11. bxc3 exd5 12. dxc5 bxc5 13. Ne5 Qd6 14. Bg3 Qe6
15. Rb1 Ba6 16. Qc2 Bxd3 17. Nxd3 Nbd7 18. Rfd1 Qf5 19. c4 Nb6 20. cxd5 c4 21.
Nb4 Qxc2 22. Nxc2 Nfxd5 23. Be5 Rfd8 24. e4 Ne7 25. Bc7 Rxd1+ 26. Rxd1 Rc8 27.
Rd8+ 1/2-1/2

[Event "Int. Stuttgarter Stadtmeisterschaft B"]
[Site "Ditzingen"]
[Date "2012.05.17"]
[Round "2.8"]
[White "Pocrnic, Josip"]
[Black "Hartmann, Anatoli"]
[Result "0-1"]
[WhiteElo "1855"]
[BlackElo "1701"]
[PlyCount "76"]
[EventDate "2012.??.??"]

1. e4 e5 2. Nf3 d6 3. d4 exd4 4. Qxd4 Nc6 5. Bb5 Bd7 6. Bxc6 Bxc6 7. c4 Nf6 8.
Nc3 Qe7 9. Bg5 h6 10. Bxf6 Qxf6 11. Qxf6 gxf6 12. Nd4 Bd7 13. Nd5 O-O-O 14.
Nxf6 Bg7 15. e5 dxe5 16. Nxd7 Rxd7 17. Nf5 Bf6 18. Rd1 Rxd1+ 19. Kxd1 Rg8 20.
g3 Rd8+ 21. Ke2 h5 22. Rd1 Rxd1 23. Kxd1 Kd7 24. Ke2 Ke6 25. Ne3 e4 26. b3 Be7
27. f3 f5 28. h3 f4 29. Nf1 fxg3 30. Nxg3 h4 31. Nxe4 Kf5 32. Ke3 b6 33. c5
Bxc5+ 34. Nxc5 bxc5 35. Ke2 Kf4 36. Kf2 Ke5 37. Ke2 Kd4 38. Kd2 c4 0-1

[Event "Int. Stuttgarter Stadtmeisterschaft B"]
[Site "Ditzingen"]
[Date "2012.05.17"]
[Round "2.9"]
[White "Schreiber, Stephan"]
[Black "Ellinger, Harald"]
[Result "1/2-1/2"]
[WhiteElo "1708"]
[BlackElo "1854"]
[PlyCount "68"]
[EventDate "2012.??.??"]

1. d4 d5 2. Bf4 e6 3. e3 Bd6 4. Bxd6 Qxd6 5. c3 Nf6 6. Bd3 O-O 7. Nf3 Nbd7 8.
Nbd2 e5 9. dxe5 Nxe5 10. Nxe5 Qxe5 11. Nf3 Qe7 12. h3 Ne4 13. O-O b6 14. Re1
Bb7 15. Qe2 Rad8 16. Rad1 f5 17. Ba6 Ba8 18. Bb5 c6 19. Ba4 b5 20. Bc2 Rf6 21.
Nd4 Nd6 22. Qh5 Rdf8 23. Qh4 Qf7 24. f3 Rh6 25. Qf4 Qf6 26. Nb3 Rh4 27. Qg3 Kh8
28. Nc5 Rf7 29. Rd4 Rxd4 30. exd4 Re7 31. Rxe7 Qxe7 32. Qf2 g6 33. Bd3 Nb7 34.
Nxb7 Bxb7 1/2-1/2

[Event "Int. Stuttgarter Stadtmeisterschaft B"]
[Site "Ditzingen"]
[Date "2012.05.17"]
[Round "2.10"]
[White "Pudmensky, Stefan"]
[Black "Hamm, Julian"]
[Result "0-1"]
[WhiteElo "1853"]
[BlackElo "1695"]
[PlyCount "66"]
[EventDate "2012.??.??"]

1. d4 Nf6 2. Nf3 d5 3. c4 c6 4. Nc3 e6 5. e3 Bb4 6. Bd2 O-O 7. Bd3 h6 8. O-O
Na6 9. cxd5 exd5 10. Bxa6 bxa6 11. Qa4 Qb6 12. Ne5 Bb7 13. Nd3 Bd6 14. b4 Qd8
15. Nc5 Bxh2+ 16. Kxh2 Ng4+ 17. Kg3 Qg5 18. f4 Qg6 19. Nxb7 Rfe8 20. Kf3 Nh2+
21. Kf2 Ng4+ 22. Ke2 Nxe3 23. Bxe3 Qxg2+ 24. Rf2 Rxe3+ 25. Kxe3 Re8+ 26. Kd3
Qxf2 27. Nd1 Qf3+ 28. Kc2 Re2+ 29. Kc1 Qxf4+ 30. Kb1 Qe4+ 31. Kc1 Qxd4 32. Qb3
Qxa1+ 33. Qb1 Qd4 0-1

[Event "Int. Stuttgarter Stadtmeisterschaft B"]
[Site "Ditzingen"]
[Date "2012.05.17"]
[Round "2.11"]
[White "Ziegler, Michael"]
[Black "Baumeister, Jürgen"]
[Result "1-0"]
[WhiteElo "1702"]
[BlackElo "1850"]
[PlyCount "81"]
[EventDate "2012.??.??"]

1. e4 c5 2. Nf3 e6 3. Be2 d5 4. exd5 exd5 5. O-O Bd6 6. d4 b6 7. Nc3 Ne7 8. Nb5
Nbc6 9. dxc5 bxc5 10. Nxd6+ Qxd6 11. c3 O-O 12. Re1 f5 13. Bf1 f4 14. Bb5 Bg4
15. Bxc6 Nxc6 16. h3 Bxf3 17. Qxf3 Ne5 18. Qh5 Rae8 19. Bd2 Re6 20. Kh1 Rff6
21. Qg5 h6 22. Qh5 Kh7 23. Qd1 Qd7 24. Qc2+ Kg8 25. b3 Qf7 26. Rad1 f3 27. g4
Nxg4 28. hxg4 Rxe1+ 29. Rxe1 Qd7 30. Rg1 h5 31. Bg5 Rf7 32. Qg6 hxg4 33. Be3 d4
34. cxd4 cxd4 35. Bd2 Rf5 36. Re1 Rf8 37. Bb4 Rb8 38. Re7 Rb6 39. Re8+ Qxe8 40.
Qxe8+ Kh7 41. Qe4+ 1-0

[Event "Int. Stuttgarter Stadtmeisterschaft B"]
[Site "Ditzingen"]
[Date "2012.05.17"]
[Round "2.12"]
[White "Viehoff, Jürgen"]
[Black "Schreiber, Winfried"]
[Result "1-0"]
[WhiteElo "1848"]
[BlackElo "1628"]
[PlyCount "47"]
[EventDate "2012.??.??"]

1. d4 Nf6 2. Nf3 g6 3. Bg5 Bg7 4. Nbd2 d6 5. e4 Bg4 6. c3 Nbd7 7. Qc2 a6 8. a4
c5 9. h3 Bxf3 10. Nxf3 Rc8 11. e5 dxe5 12. dxe5 Nd5 13. Qe4 N5b6 14. a5 Na8 15.
Bc4 f5 16. exf6 Nxf6 17. Qe6 Rf8 18. Rd1 Qc7 19. O-O Qc6 20. Qxe7+ Kxe7 21.
Rfe1+ Qe6 22. Rxe6+ Kf7 23. Rxf6+ Ke8 24. Re6+ 1-0

[Event "Int. Stuttgarter Stadtmeisterschaft B"]
[Site "Ditzingen"]
[Date "2012.05.17"]
[Round "2.13"]
[White "Krämer, Heinz"]
[Black "Winkler, Tim"]
[Result "0-1"]
[WhiteElo "1699"]
[BlackElo "1830"]
[PlyCount "164"]
[EventDate "2012.??.??"]
[WhiteTeam "Heilbronner SV"]
[BlackTeam "SF Deizisau"]

1. e4 e5 2. Nf3 Nc6 3. Bb5 Bc5 4. Qe2 Nd4 5. Nxd4 Bxd4 6. c3 Bb6 7. d3 h6 8.
Nd2 c6 9. Bc4 d6 10. O-O Be6 11. Bxe6 fxe6 12. Qh5+ Kd7 13. Nf3 Qe8 14. Qg4 Qf7
15. Be3 Nf6 16. Qh3 g5 17. g4 Rag8 18. Qg2 Qg6 19. Rfe1 h5 20. h3 hxg4 21. hxg4
Qh6 22. Bxb6 axb6 23. Kf1 Qh1+ 24. Qxh1 Rxh1+ 25. Ke2 Rxe1+ 26. Rxe1 Nxg4 27.
Rg1 Nf6 28. Rxg5 Rxg5 29. Nxg5 Nh5 30. Ke3 Nf4 31. Nf3 Ke7 32. d4 Ng2+ 33. Kd3
exd4 34. cxd4 Kf6 35. Ke2 d5 36. exd5 Nf4+ 37. Ke3 Nxd5+ 38. Kd2 Kf5 39. a3 Kf4
40. Ne1 Ke4 41. Nc2 Kf3 42. Ke1 Nf4 43. Kf1 Nd3 44. b4 b5 45. Na1 Nxf2 46. Nb3
b6 47. Ke1 Ne4 48. Kd1 Nd6 49. Kd2 Nc4+ 50. Kd3 Nxa3 51. Nd2+ Kf4 52. Kc3 Nc4
53. Nf1 Ne3 54. Nd2 Nd5+ 55. Kb3 Ke3 56. Nf1+ Kxd4 57. Nd2 Ke3 58. Nf1+ Kd3 59.
Ng3 e5 60. Nh1 e4 61. Nf2+ Ke3 62. Ng4+ Kd2 63. Ne5 e3 64. Nxc6 e2 65. Nd4 Kd1
66. Nf3 e1=Q 67. Nxe1 Kxe1 68. Ka3 Kd2 69. Kb3 Kd3 70. Ka3 Kc4 71. Kb2 Kxb4 72.
Kb1 Kb3 73. Ka1 Kc2 74. Ka2 b4 75. Ka1 Nf4 76. Ka2 b3+ 77. Ka3 b2 78. Kb4 b1=Q+
79. Kc4 Qb3+ 80. Kd4 Kd2 81. Ke4 Ke2 82. Kd4 Qd3+ 0-1

[Event "Int. Stuttgarter Stadtmeisterschaft B"]
[Site "Ditzingen"]
[Date "2012.05.17"]
[Round "2.14"]
[White "Issaad, Pascal"]
[Black "Gomer, Dieter"]
[Result "1-0"]
[WhiteElo "1828"]
[BlackElo "1565"]
[PlyCount "102"]
[EventDate "2012.??.??"]
[WhiteTeam "SV Stuttgart-Wolfbusch 1956 e.V."]
[BlackTeam "SV Balingen"]

1. e4 e5 2. Nc3 Nf6 3. g3 Nc6 4. Bg2 Bc5 5. Nge2 O-O 6. O-O a6 7. d3 h6 8. h3
d6 9. Kh2 Nh7 10. f4 f5 11. exf5 Bxf5 12. Nd5 Nf6 13. fxe5 dxe5 14. Nxc7 Qxc7
15. Rxf5 Nd4 16. Nxd4 Bxd4 17. c3 Bf2 18. Rxf2 Ng4+ 19. Qxg4 Rxf2 20. Kh1 Qd6
21. Qc4+ Kh8 22. Qd5 Qg6 23. Be3 Rxb2 24. g4 Qe8 25. Rf1 Qa4 26. Qxe5 Re8 27.
Be4 Rb1 28. Qxe8+ Qxe8 29. Rxb1 b5 30. Bd4 Qf7 31. a4 Qf4 32. axb5 axb5 33. Ra1
Kg8 34. Ra8+ Kf7 35. Ra7+ Ke6 36. Ra6+ Kd7 37. Bf5+ Kc7 38. Ra7+ Kb8 39. Be4
Qf1+ 40. Kh2 Qe2+ 41. Kg3 Qe1+ 42. Kf4 Qc1+ 43. Ke5 Qg5+ 44. Kd6 Qd8+ 45. Rd7
Qf8+ 46. Ke6 Qe8+ 47. Kd6 Qf8+ 48. Kd5 Qg8+ 49. Kc5 Qc8+ 50. Bc6 Qf8+ 51. Kxb5
Kc8 1-0

[Event "Int. Stuttgarter Stadtmeisterschaft B"]
[Site "Ditzingen"]
[Date "2012.05.17"]
[Round "2.15"]
[White "Boschmann, Werner"]
[Black "Kim, Vladimir"]
[Result "0-1"]
[WhiteElo "1686"]
[BlackElo "1826"]
[PlyCount "96"]
[EventDate "2012.??.??"]
[WhiteTeam "SC Widdern"]
[BlackTeam "SG Fasanenhof"]

1. e4 e5 2. Nf3 d6 3. d4 exd4 4. Nxd4 a6 5. Nc3 g6 6. Be3 Bg7 7. Qd2 Ne7 8. Bd3
Nbc6 9. Nf3 Bg4 10. Be2 Bxf3 11. Bxf3 Ne5 12. Be2 Qd7 13. f4 N5c6 14. O-O-O
Bxc3 15. Qxc3 O-O-O 16. Bf3 Qe6 17. Kb1 f5 18. Bd4 Rhf8 19. Rhe1 fxe4 20. Bxe4
Qf7 21. g3 Kb8 22. Qa3 Rfe8 23. c4 Qxc4 24. Bf6 Rc8 25. Bd3 Qf7 26. Bc3 d5 27.
Bxa6 bxa6 28. Qxa6 Na7 29. Re6 Nf5 30. Rde1 Rxe6 31. Rxe6 Re8 32. Rf6 Qe7 33.
Be5 Ka8 34. Rc6 Nd4 35. Rc1 c5 36. a4 Ndc6 37. Bc3 c4 38. Re1 Qd7 39. Rxe8+
Qxe8 40. Qb6 Qe4+ 41. Ka2 d4 42. Bb4 Qd5 43. Bc5 d3 44. a5 c3+ 45. b3 d2 46. a6
Qd7 47. Bd6 d1=Q 48. Bc7 Q7d2+ 0-1

[Event "Int. Stuttgarter Stadtmeisterschaft B"]
[Site "Ditzingen"]
[Date "2012.05.17"]
[Round "2.16"]
[White "Stoll, Katja"]
[Black "Nusser, Jens"]
[Result "0-1"]
[WhiteElo "1645"]
[BlackElo "1823"]
[PlyCount "66"]
[EventDate "2012.??.??"]
[WhiteTeam "SC Weisse Dame Ulm e.V."]
[BlackTeam "SC Schachmatt Botnang"]

1. e4 c5 2. Nf3 d6 3. d4 cxd4 4. Nxd4 Nf6 5. Nc3 a6 6. Be3 e5 7. Nb3 Be6 8. f3
Be7 9. Qd2 Nbd7 10. g4 Qc7 11. h4 b5 12. g5 Nh5 13. Rg1 O-O 14. O-O-O Rfc8 15.
Ne2 a5 16. Kb1 a4 17. Nbc1 Nb6 18. Ng3 Nxg3 19. Rxg3 Nc4 20. Bxc4 bxc4 21. h5
c3 22. Qxc3 Qxc3 23. bxc3 Rab8+ 24. Ka1 Rxc3 25. Ba7 Rb7 26. Bg1 Rxc2 27. g6
hxg6 28. hxg6 Bh4 29. gxf7+ Kxf7 30. Rg4 Bxg4 31. fxg4 Bg5 32. Nd3 Bd2 33. Rf1+
Ke7 0-1

[Event "Int. Stuttgarter Stadtmeisterschaft B"]
[Site "Ditzingen"]
[Date "2012.05.17"]
[Round "2.17"]
[White "Reichardt, Bernd"]
[Black "Dirks, Alexander"]
[Result "1-0"]
[WhiteElo "1816"]
[BlackElo "1518"]
[PlyCount "83"]
[EventDate "2012.??.??"]
[WhiteTeam "Schachfreunde Markgräflerland e."]
[BlackTeam "SC Widdern"]

1. Nf3 Nf6 2. c4 e6 3. d4 d5 4. Bg5 Be7 5. e3 Nbd7 6. Nc3 h6 7. Bf4 a6 8. Rc1
c6 9. Be2 O-O 10. O-O Nh5 11. Ne5 Nxe5 12. Bxe5 Nf6 13. Bxf6 Bxf6 14. f4 Qb6
15. Rc2 g5 16. c5 Qc7 17. Bh5 Kh8 18. Rcf2 gxf4 19. Rxf4 Bg5 20. Rxf7 Rxf7 21.
Rxf7 Bxe3+ 22. Kh1 Qd8 23. Qd3 Qg8 24. Qxe3 Qg5 25. Qxg5 hxg5 26. Rf8+ Kg7 27.
Re8 Kh6 28. g4 e5 29. dxe5 Bd7 30. Rxa8 Bc8 31. Rxc8 b6 32. Rxc6+ Kg7 33. Rxb6
a5 34. Nxd5 a4 35. a3 Kf8 36. Rb7 Kg8 37. Nf6+ Kf8 38. Nh7+ Kg8 39. Nxg5 Kh8
40. Bg6 Kg8 41. Ne6 Kh8 42. Rb8# 1-0

[Event "Int. Stuttgarter Stadtmeisterschaft B"]
[Site "Ditzingen"]
[Date "2012.05.17"]
[Round "2.18"]
[White "Pfeilsticker, Thorsten"]
[Black "Ruff, Robert"]
[Result "1-0"]
[WhiteElo "1591"]
[BlackElo "1799"]
[PlyCount "57"]
[EventDate "2012.??.??"]
[WhiteTeam "SV Stuttgart-Wolfbusch 1956 e.V."]
[BlackTeam "SC Gross-Sachsenheim"]

1. d4 d5 2. Nf3 Nf6 3. e3 e6 4. Bd3 Bd6 5. Nbd2 Nbd7 6. Qe2 O-O 7. e4 dxe4 8.
Nxe4 Nxe4 9. Bxe4 Nf6 10. Bg5 Be7 11. Bd3 h6 12. Bxf6 Bxf6 13. O-O b6 14. Qe4
g6 15. Qxa8 Bxd4 16. Nxd4 Qxd4 17. Qxa7 Qd5 18. Qxc7 Bb7 19. Qg3 Kg7 20. Rfe1
f5 21. Qe5+ Qxe5 22. Rxe5 Kf6 23. Rae1 Be4 24. f4 Re8 25. Bxe4 fxe4 26. R1xe4
g5 27. f5 Re7 28. Rxe6+ Rxe6 29. Rxe6+ 1-0

[Event "Int. Stuttgarter Stadtmeisterschaft B"]
[Site "Ditzingen"]
[Date "2012.05.17"]
[Round "2.19"]
[White "Bälz, Jürgen"]
[Black "Wunder, Anton"]
[Result "1/2-1/2"]
[WhiteElo "1795"]
[BlackElo "1507"]
[PlyCount "143"]
[EventDate "2012.??.??"]
[WhiteTeam "TSV Willsbach"]
[BlackTeam "Heilbronner SV"]

1. d4 Nf6 2. c4 g6 3. g3 Bg7 4. Bg2 c5 5. d5 d6 6. Nc3 Bf5 7. e4 Bd7 8. Nge2 e5
9. O-O O-O 10. f4 exf4 11. Bxf4 Qb6 12. e5 Nh5 13. exd6 Nxf4 14. Rxf4 Qxd6 15.
Ne4 Qb6 16. N2c3 f5 17. Ng5 Qxb2 18. d6 Qxc3 19. Rc1 Qe3+ 20. Kh1 Nc6 21. Qd5+
Kh8 22. Rb1 Be5 23. Nf7+ Kg7 24. Nxe5 Qxe5 25. Rxb7 Rf7 26. Qxe5+ Nxe5 27. Rxd7
Rxd7 28. Bxa8 Rxd6 29. Bd5 Ng4 30. Rf3 Nf6 31. Ra3 Nxd5 32. Rxa7+ Kh6 33. cxd5
Rxd5 34. a4 Rd2 35. Rc7 Ra2 36. Rxc5 Rxa4 37. Rc2 Kg5 38. Kg2 f4 39. Rc5+ Kh6
40. gxf4 Rxf4 41. Rc7 g5 42. Kg3 Kg6 43. Rc6+ Rf6 44. Rc4 h5 45. h3 Re6 46. Rc3
Kf5 47. Rf3+ Kg6 48. Ra3 h4+ 49. Kg4 Re4+ 50. Kf3 Kf5 51. Ra5+ Re5 52. Ra4 Rb5
53. Ra3 Re5 54. Rb3 Re1 55. Rb5+ Re5 56. Rb3 Kg6 57. Kg4 Re4+ 58. Kf3 Re1 59.
Rb6+ Kh5 60. Kf2 Ra1 61. Rb2 Ra5 62. Kg2 Rd5 63. Ra2 g4 64. hxg4+ Kxg4 65. Ra4+
Kg5 66. Rb4 Rd2+ 67. Kh3 Rd3+ 68. Kh2 h3 69. Rb5+ Kf4 70. Rb4+ Ke5 71. Rb5+ Kd4
72. Rh5 1/2-1/2

[Event "Int. Stuttgarter Stadtmeisterschaft B"]
[Site "Ditzingen"]
[Date "2012.05.17"]
[Round "2.20"]
[White "Gorb, Eugeniusz"]
[Black "Tölg, Wolfgang"]
[Result "1-0"]
[WhiteElo "1543"]
[BlackElo "1776"]
[PlyCount "101"]
[EventDate "2012.??.??"]
[WhiteTeam "SC Gross-Sachsenheim"]
[BlackTeam "SF Oeffingen e.V."]

1. e4 e5 2. Nf3 Nc6 3. d4 exd4 4. Nxd4 Bc5 5. Nxc6 bxc6 6. Nd2 Qf6 7. Nf3 h6 8.
Bd3 d6 9. h3 Ne7 10. c3 Ng6 11. Be3 Bxe3 12. fxe3 Ne5 13. Bc2 O-O 14. O-O Ba6
15. Rf2 Rab8 16. b3 g5 17. Nd4 Qg6 18. Nf5 Rbe8 19. c4 h5 20. Qd2 g4 21. Qa5
Bc8 22. Qxc7 gxh3 23. Ne7+ Rxe7 24. Qxe7 h2+ 25. Kh1 Qg3 26. Raf1 Qxe3 27. Qxd6
Ng4 28. Rf3 Qb6 29. e5 Be6 30. Rg3 Rd8 31. Qe7 Qd4 32. Rd3 Qxd3 33. Bxd3 Rxd3
34. Qxa7 Rd2 35. Qb8+ Kg7 36. a4 Ne3 37. Ra1 Rxg2 38. Qb6 Re2 39. Qxc6 Bg4 40.
Qf6+ Kf8 41. Qf4 Ke8 42. a5 Bd7 43. Qf3 Rb2 44. a6 Ng4 45. a7 Nxe5 46. a8=Q+
Ke7 47. Re1 f6 48. Qc3 Rf2 49. Rxe5+ fxe5 50. Qxe5+ Kf7 51. Qad5+ 1-0

[Event "Int. Stuttgarter Stadtmeisterschaft B"]
[Site "Ditzingen"]
[Date "2012.05.17"]
[Round "2.21"]
[White "Gampper, Steffen"]
[Black "Zaytsev, Evgeny"]
[Result "1/2-1/2"]
[WhiteElo "1539"]
[BlackElo "1768"]
[PlyCount "99"]
[EventDate "2012.??.??"]
[WhiteTeam "SC Murrhardt 1948 e.V."]
[BlackTeam "Stuttgarter SF 1879"]

1. d4 Nf6 2. Bf4 g6 3. Nf3 Bg7 4. Nc3 O-O 5. e4 d6 6. Qd2 Bg4 7. h3 Bxf3 8.
gxf3 e5 9. dxe5 dxe5 10. Qxd8 Rxd8 11. Bxe5 Nc6 12. Bxf6 Bxf6 13. Nd5 Bxb2 14.
Rb1 Bg7 15. Bd3 Nd4 16. f4 c6 17. Ne3 b5 18. f5 Nf3+ 19. Ke2 Nd4+ 20. Ke1 a6
21. Rd1 Re8 22. c3 Nf3+ 23. Ke2 Ne5 24. f4 Nxd3 25. Rxd3 Rxe4 26. Kf3 Rae8 27.
fxg6 hxg6 28. Ng4 Rc4 29. Rhd1 Rxc3 30. Rxc3 Bxc3 31. Rd6 Re6 32. Rd8+ Kg7 33.
Ne3 f5 34. h4 Bf6 35. Ra8 Bd4 36. Nc2 Bf6 37. Rxa6 Kf7 38. a4 bxa4 39. Rxa4 c5
40. Rc4 Be7 41. Ne3 Ra6 42. Rc3 Bxh4 43. Rxc5 Be7 44. Rc3 Rd6 45. Rb3 Rd4 46.
Rb5 Bd6 47. Ng2 Kf6 48. Ra5 g5 49. fxg5+ Kxg5 50. Ne3 1/2-1/2

[Event "Int. Stuttgarter Stadtmeisterschaft B"]
[Site "Ditzingen"]
[Date "2012.05.17"]
[Round "2.22"]
[White "Bohun, Roland"]
[Black "Büchele, Markus"]
[Result "1/2-1/2"]
[WhiteElo "1437"]
[BlackElo "1760"]
[PlyCount "145"]
[EventDate "2012.??.??"]
[WhiteTeam "DJK Sportbund Stuttgart e.V."]
[BlackTeam "SpVgg Rommelshausen"]

1. d4 d5 2. e3 c6 3. Nf3 e6 4. a3 Nf6 5. Nbd2 Bd6 6. b4 Nbd7 7. Bb2 Qc7 8. c4
O-O 9. c5 Be7 10. Bd3 Ne8 11. Qc2 f5 12. Ne5 Nef6 13. Ndf3 Ne4 14. Nxd7 Bxd7
15. Ne5 Bf6 16. f3 Ng5 17. h4 Nf7 18. f4 Be8 19. Qe2 Nh6 20. h5 Qe7 21. g3 Bf7
22. Kd2 Qe8 23. Nxf7 Qxf7 24. Qh2 Ng4 25. Qe2 Bd8 26. Rh3 Nf6 27. Kc2 Qd7 28.
Rah1 Ne4 29. R1h2 Nf6 30. Rh1 Be7 31. Qf3 a5 32. Bc3 Ne4 33. Be1 axb4 34. Bxb4
b6 35. Bxe4 dxe4 36. Qd1 Qd5 37. Kb1 Rfb8 38. R3h2 bxc5 39. dxc5 Rxa3 40. Qxd5
Rxb4+ 41. Rb2 Rxb2+ 42. Kxb2 exd5 43. Kxa3 Bxc5+ 44. Kb3 Bxe3 45. Rh2 Kf7 46.
Kc3 d4+ 47. Kc4 d3 48. Kc3 d2 49. Kc2 Ke6 50. Re2 Bd4 51. Kxd2 c5 52. Kc2 Kd5
53. Rg2 h6 54. g4 fxg4 55. Rxg4 Ke6 56. Rg6+ Kf5 57. Kd1 Kxf4 58. Ke2 Bf6 59.
Rg1 Bd4 60. Rg6 Bf6 61. Rg2 Bg5 62. Rg1 Ke5 63. Rd1 c4 64. Rd7 Bf6 65. Rc7 Kd4
66. Rd7+ Kc3 67. Ke3 Kc2 68. Kxe4 c3 69. Rc7 Kd2 70. Rd7+ Ke2 71. Rc7 Kf2 72.
Kd3 Kf3 73. Rc4 1/2-1/2

[Event "Int. Stuttgarter Stadtmeisterschaft B"]
[Site "Ditzingen"]
[Date "2012.05.17"]
[Round "2.23"]
[White "Engelhardt, Frank"]
[Black "Grüneschild, Hildegard"]
[Result "1-0"]
[WhiteElo "1892"]
[BlackElo "1613"]
[PlyCount "67"]
[EventDate "2012.??.??"]
[WhiteTeam "SC Schachmatt Botnang"]
[BlackTeam "Schach-Union München e.V."]

1. c4 c5 2. Nf3 Nf6 3. Nc3 e6 4. d4 cxd4 5. Nxd4 a6 6. g3 d6 7. Bg2 Be7 8. O-O
Qc7 9. Bg5 Nbd7 10. Rc1 O-O 11. b3 Ne5 12. Qd2 Bd7 13. Rfd1 Rad8 14. e4 Nc6 15.
Nde2 Bc8 16. Nd5 exd5 17. cxd5 Qb6 18. Be3 Qb5 19. dxc6 bxc6 20. Nd4 Qh5 21.
Nxc6 Rd7 22. Nxe7+ Rxe7 23. f3 Rd8 24. Qb4 Red7 25. Bb6 Re8 26. Rxd6 Qe5 27.
Rxd7 Bxd7 28. Bd4 Qe6 29. Bxf6 Qxf6 30. a4 Qb2 31. Rd1 Be6 32. Qe7 Rc8 33. Rd8+
Rxd8 34. Qxd8# 1-0

[Event "Int. Stuttgarter Stadtmeisterschaft B"]
[Site "Ditzingen"]
[Date "2012.05.17"]
[Round "2.24"]
[White "Graf, Maximilian"]
[Black "Muench, Werner"]
[Result "1/2-1/2"]
[WhiteElo "1629"]
[BlackElo "1862"]
[PlyCount "43"]
[EventDate "2012.??.??"]
[WhiteTeam "SK e4 Gerlingen"]
[BlackTeam "SC Widdern"]

1. e4 c5 2. Nf3 Nc6 3. d4 cxd4 4. Nxd4 Nf6 5. Nc3 e6 6. Be2 Bb4 7. h3 d5 8.
Nxc6 bxc6 9. Be3 O-O 10. O-O Bb7 11. e5 Nd7 12. f4 c5 13. a3 Ba5 14. Bf3 Rb8
15. Bf2 Ba6 16. Be2 Bxe2 17. Qxe2 Rxb2 18. Na4 Rb8 19. Nxc5 Nxc5 20. Bxc5 Bb6
21. Bxb6 Qxb6+ 22. Qf2 1/2-1/2